Văn hoá dân gian làng Xuân Nẻo
Giới thiệu khái quát về làng Xuân Nẻo và một số ngành nghề; hình thức sinh hoạt văn hoá tín ngưỡng, hội hè, đình đám và các nghi lễ thường kỳ; truyền thuyết, ca dao, dân ca của làng Xuân Nẻo, Tứ Kỳ, Hải Dương
Guardado en:
| Autor principal: | |
|---|---|
| Formato: | Libro |
| Lenguaje: | Vietnamese |
| Publicado: |
H.
Khoa học xã hội
2011
|
| Materias: | |
| Etiquetas: |
Agregar Etiqueta
Sin Etiquetas, Sea el primero en etiquetar este registro!
|
| Thư viện lưu trữ: | Mạng thư viện Đại học Đà Nẵng |
|---|
| LEADER | 01519aam a22003738a 4500 | ||
|---|---|---|---|
| 001 | 000015947 | ||
| 003 | 12335 | ||
| 005 | 20120606150625.0 | ||
| 008 | 120606s2011 viesd | ||
| 020 | |a 9786049020681 |d 2000b | ||
| 041 | 0 | |a vie | |
| 082 | 1 | 4 | |2 14 |a 390.0959734 |b VĂ-D |
| 100 | 1 | |a Văn Duy | |
| 245 | 1 | 0 | |a Văn hoá dân gian làng Xuân Nẻo |c Văn Duy |
| 260 | |a H. |b Khoa học xã hội |c 2011 | ||
| 300 | |a 130tr. |b bản đồ |c 21cm | ||
| 500 | |a ĐTTS ghi: Hội Văn nghệ dân gian Việt Nam | ||
| 520 | |a Giới thiệu khái quát về làng Xuân Nẻo và một số ngành nghề; hình thức sinh hoạt văn hoá tín ngưỡng, hội hè, đình đám và các nghi lễ thường kỳ; truyền thuyết, ca dao, dân ca của làng Xuân Nẻo, Tứ Kỳ, Hải Dương | ||
| 650 | 7 | |2 Bộ TK TVQG |a Văn hoá dân gian | |
| 650 | 7 | |2 Bộ TK TVQG |a Lễ hội | |
| 650 | 7 | |2 Bộ TK TVQG |a Tín ngưỡng | |
| 651 | 4 | |a Xuân Nẻo | |
| 651 | 7 | |2 Bộ TK TVQG |a Tứ Kỳ | |
| 651 | 7 | |2 Bộ TK TVQG |a Hải Dương | |
| OWN | |a LSP | ||
| AVA | |a UDN50 |b LSP |d 390.0959734 VĂ-D |e available |t Error 5001 Not defined in file expand_doc_bib_avail. |f 1 |g 0 |h N |i 0 |k 1 | ||
| 999 | |a From the UDN01 | ||
| AVA | |a UDN50 |b LSP |d 390.0959734 VĂ-D |e available |t Error 5001 Not defined in file expand_doc_bib_avail. |f 1 |g 0 |h N |i 0 |k 1 | ||
| TYP | |a Monograph | ||
| TYP | |a Printed language | ||
| 980 | |a Mạng thư viện Đại học Đà Nẵng | ||


